[Event "European Blitz 2015"]
[Site "Minsk BLR"]
[Date "2015.12.18"]
[Round "19.9"]
[White "Guseinov, Gadir"]
[Black "Kovalev, Vladislav"]
[Result "0-1"]
[WhiteTitle "GM"]
[BlackTitle "GM"]
[WhiteElo "2646"]
[BlackElo "2546"]
[WhiteFideId "13401378"]
[BlackFideId "13504398"]
[EventDate "2015.12.18"]
[EventType "swiss (blitz)"]

1. e4 e5 2. Nf3 Nc6 3. Bb5 Nf6 4. O-O Nxe4 5. d4 Nd6 6. Ba4 exd4 7. c3 Be7 8.
cxd4 O-O 9. Nc3 Bf6 10. Nd5 Ne8 11. Bc2 d6 12. Qd3 g6 13. Nxf6+ Qxf6 14. Bg5 Qg7
15. Qd2 Bg4 16. Bh6 Qf6 17. Ng5 Ng7 18. Ne4 Qxd4 19. Qg5 f5 20. Nc3 Qf6 21. Qf4
Nd4 22. Bd3 Nge6 23. Qd2 c6 24. Bxf8 Rxf8 25. Rae1 d5 26. f3 Bh5 27. Qe3 f4 28.
Qf2 g5 29. Kh1 Bg6 30. Bxg6 hxg6 31. b4 a6 32. Na4 Kg7 33. Nc5 Nxc5 34. bxc5 Nf5
35. Rb1 Rf7 36. Qb2 Ne3 37. Qxf6+ Kxf6 38. Rf2 Ke5 39. Rd2 d4 40. Kg1 Rd7 41.
Rb4 a5 42. Ra4 Rd5 43. Kf2 d3 44. Re4+ Kf6 45. g3 Rxc5 46. gxf4 gxf4 47. Rxf4+
Nf5 48. Ra4 b5 49. Ra3 b4 50. Raxd3 Rb5 51. Rd8 a4 52. Ra8 b3 53. axb3 axb3 54.
Rb2 c5 55. Ke2 c4 56. Kd2 Rd5+ 57. Kc3 Nd6 58. Ra6 Ke7 59. Re2+ Kd7 60. Re3 Rd1
61. Re2 Rd3+ 62. Kb4 Rxf3 63. Rd2 Rf6 64. Kc5 Rf5+ 65. Kb4 Rf6 66. Kc5 Rf5+ 67.
Kb4 Rf6 68. Kc5 c3 69. Rd3 b2 70. Rb6 c2 0-1

[Event "European Blitz 2015"]
[Site "Minsk BLR"]
[Date "2015.12.18"]
[Round "19.10"]
[White "Bocharov, Dmitry"]
[Black "Rozum, Ivan"]
[Result "1/2-1/2"]
[WhiteTitle "GM"]
[BlackTitle "GM"]
[WhiteElo "2558"]
[BlackElo "2559"]
[WhiteFideId "4138716"]
[BlackFideId "24104272"]
[EventDate "2015.12.18"]
[EventType "swiss (blitz)"]

1. Nf3 Nf6 2. g3 d5 3. Bg2 c6 4. O-O Bg4 5. c4 e6 6. cxd5 Bxf3 7. Bxf3 cxd5 8.
Nc3 Nc6 9. d3 Be7 10. Bg2 O-O 11. Bd2 Rc8 12. a3 a6 13. b4 Nd7 14. e3 Bf6 15.
Rb1 Nxb4 16. Rxb4 Bxc3 17. Rxb7 Nc5 18. Rxf7 Rxf7 19. Bxc3 Nd7 20. Ba1 Qa5 21.
Bh3 Rc6 22. Qb3 Qb6 23. Qa4 Nf6 24. Bd4 Qb5 25. Qxb5 axb5 26. Rb1 Rb7 27. Rb4
Ra6 28. Kf1 Kf7 29. Bb2 Ke7 30. Ke2 Kd6 31. f4 Nd7 32. Kd2 g6 33. e4 Ra4 34. e5+
Ke7 35. Bf1 Nc5 36. Bd4 Na6 37. Rxa4 bxa4 38. Kc2 Rb3 39. Bb2 Nc5 40. Bd4 Nb7
41. Bb2 Kd7 42. Be2 Na5 43. Bc3 Nc6 44. Bb2 Kc7 45. Bg4 Kd7 46. Be2 Rb8 47. Bd1
Na5 48. Bc3 Nb3 49. Bb4 Rc8+ 50. Kb2 Nc5 51. Bc2 Kc6 52. d4 Nb3 53. Bxb3 axb3
54. Kxb3 h6 55. h4 Rg8 56. Be7 Rg7 57. Bf8 Rb7+ 58. Kc3 h5 59. Bb4 Ra7 60. Kb3
Kb5 61. Bc5 Ra6 62. Bb4 Ra4 63. Kc3 Ra6 64. Kb3 Ra8 65. Bc5 Ra4 66. Bb4 Ra6 67.
Bc5 Ra8 68. Bb4 Ra4 69. Kc3 1/2-1/2

[Event "European Blitz 2015"]
[Site "Minsk BLR"]
[Date "2015.12.18"]
[Round "19.11"]
[White "Ragger, Markus"]
[Black "Kryakvin, Dmitry"]
[Result "1/2-1/2"]
[WhiteTitle "GM"]
[BlackTitle "GM"]
[WhiteElo "2687"]
[BlackElo "2529"]
[WhiteFideId "1610856"]
[BlackFideId "4153278"]
[EventDate "2015.12.18"]
[EventType "swiss (blitz)"]

1. d4 Nf6 2. Nf3 g6 3. c4 Bg7 4. Nc3 O-O 5. e4 d6 6. Be2 e5 7. O-O Nc6 8. d5 Ne7
9. Ne1 Nd7 10. Nd3 c5 11. f3 f5 12. Be3 f4 13. Bf2 g5 14. Rb1 h5 15. b4 b6 16.
bxc5 Nxc5 17. Nxc5 bxc5 18. h3 Kh8 19. Qd2 Ng8 20. Be1 Nf6 21. Nb5 a6 22. Nc3 g4
23. hxg4 hxg4 24. fxg4 Nxg4 25. Rf3 Rf6 26. Bh4 Qf8 27. Bxf6 Qxf6 28. Nd1 Kg8
29. Qe1 Qg6 30. Nf2 Ne3 31. Bf1 Bf6 32. Rxe3 fxe3 33. Qxe3 Kg7 34. Be2 Bg5 35.
Qg3 Bf4 36. Qxg6+ Kxg6 37. Bg4 Be3 38. Bxc8 Rxc8 39. Rb3 Bd4 40. Kf1 Rf8 41. Rf3
Rb8 42. Rb3 Rf8 43. Rg3+ Kh7 44. Rf3 Rb8 45. Nd3 Rb1+ 46. Ke2 Ra1 47. Rf6 Rxa2+
48. Kd1 a5 49. Rxd6 Rxg2 50. Ra6 Rg1+ 51. Ke2 Rg2+ 52. Kf1 Rd2 53. Nxe5 Bxe5 54.
Rxa5 Rd4 55. Rxc5 Rxe4 56. Rc6 Kg7 57. Kf2 Kf7 58. Kf3 Re1 59. Kf2 1/2-1/2

[Event "European Blitz 2015"]
[Site "Minsk BLR"]
[Date "2015.12.18"]
[Round "19.12"]
[White "Shtembuliak, Evgeny"]
[Black "Jobava, Baadur"]
[Result "0-1"]
[WhiteTitle "FM"]
[BlackTitle "GM"]
[WhiteElo "2420"]
[BlackElo "2673"]
[WhiteFideId "14113325"]
[BlackFideId "13601520"]
[EventDate "2015.12.18"]
[EventType "swiss (blitz)"]

1. Nf3 Nf6 2. g3 b6 3. Bg2 Bb7 4. O-O g6 5. b3 Bg7 6. Bb2 O-O 7. c4 d6 8. d4 e6
9. Nc3 Nbd7 10. e3 Qe7 11. Qc2 c5 12. Rad1 cxd4 13. Nxd4 Bxg2 14. Kxg2 Rfc8 15.
Qe2 a6 16. Ba3 Nc5 17. Qf3 Qe8 18. Nde2 Rd8 19. Bxc5 bxc5 20. Na4 Rac8 21. Nf4
Kh8 22. h3 Kg8 23. Rd2 Qc6 24. Qxc6 Rxc6 25. Rfd1 Bf8 26. f3 Rb8 27. g4 Nd7 28.
Nd3 Be7 29. f4 Kg7 30. Kf3 Rh8 31. Nf2 h5 32. g5 f5 33. gxf6+ Nxf6 34. Ne4 Nxe4
35. Kxe4 Rf8 36. Rg2 Kf7 37. Rdg1 Rg8 38. Kf3 Bf6 39. Rd1 Rd8 40. Rgd2 Ke7 41.
Rd3 g5 42. fxg5 Bxg5 43. Nc3 Bf6 44. Ne4 Be5 45. Rg1 d5 46. cxd5 exd5 47. Nc3
Rf6+ 48. Ke2 Ke6 49. Rgd1 Bxc3 50. Rxc3 Rc8 51. Rdc1 Kd6 52. Rg1 Re6 53. Kd3
Rce8 54. Rg3 h4 55. Rf3 Rg8 56. Rc2 Rg3 57. Rxg3 hxg3 58. Rg2 Rg6 59. Ke2 Ke5
60. Kf3 Rf6+ 61. Kxg3 Ke4 62. Rc2 Kxe3 63. Rxc5 Rg6+ 64. Kh4 d4 65. Re5+ Kf4 66.
Rh5 d3 0-1

[Event "European Blitz 2015"]
[Site "Minsk BLR"]
[Date "2015.12.18"]
[Round "19.13"]
[White "Alekseev, Evgeny"]
[Black "Harutjunyan, Gevorg"]
[Result "1-0"]
[WhiteTitle "GM"]
[BlackTitle "GM"]
[WhiteElo "2642"]
[BlackElo "2436"]
[WhiteFideId "4138147"]
[BlackFideId "13300873"]
[EventDate "2015.12.18"]
[EventType "swiss (blitz)"]

1. e4 c6 2. d3 d5 3. Nd2 g6 4. Ngf3 Bg7 5. Qe2 Na6 6. Nb3 dxe4 7. dxe4 Nf6 8. g3
Nc5 9. e5 Ng4 10. h3 Nh6 11. Bg2 O-O 12. O-O Nxb3 13. axb3 Qc7 14. Bf4 Be6 15.
Ng5 Qc8 16. Rfd1 a5 17. g4 Re8 18. Qe3 Bxg4 19. hxg4 Qxg4 20. Qg3 Qxg3 21. Bxg3
Nf5 22. Bf4 f6 23. Nf3 g5 24. Bh3 Nh6 25. Be6+ Kh8 26. Bg3 Rf8 27. Rd7 g4 28.
Nh4 fxe5 29. Rxb7 Bf6 30. Nf5 Nxf5 31. Bxf5 h5 32. Re1 h4 33. Bxe5 a4 34. Bxg4
Rg8 35. f3 axb3 36. cxb3 1-0

[Event "European Blitz 2015"]
[Site "Minsk BLR"]
[Date "2015.12.18"]
[Round "19.14"]
[White "Zakhartsov, Vladimir"]
[Black "Movsesian, Sergei"]
[Result "1-0"]
[WhiteTitle "IM"]
[BlackTitle "GM"]
[WhiteElo "2462"]
[BlackElo "2659"]
[WhiteFideId "4145097"]
[BlackFideId "310204"]
[EventDate "2015.12.18"]
[EventType "swiss (blitz)"]

1. e4 c5 2. Nf3 e6 3. g3 Nc6 4. Bg2 Nf6 5. d3 d5 6. Nbd2 Be7 7. O-O b6 8. e5 Nd7
9. Re1 g5 10. c4 g4 11. cxd5 exd5 12. e6 gxf3 13. exd7+ Bxd7 14. Nxf3 Be6 15. d4
c4 16. b3 cxb3 17. axb3 Qd7 18. Bf4 Bf6 19. Ne5 Nxe5 20. Bxe5 Bxe5 21. Rxe5 O-O
22. Qh5 Kh8 23. Rae1 Rae8 24. Qh6 Rg8 25. Qf6+ Rg7 26. Bxd5 Qd8 27. Qf4 Rg6 28.
Bxe6 fxe6 29. d5 Rf8 30. Qd4 Qf6 31. dxe6 Re8 32. e7 Rg7 33. Qd7 Qg6 34. Re6 Qh5
35. Rf6 Rgg8 36. Qd4 Qc5 37. Qxc5 bxc5 38. Rc6 Rb8 39. Rxc5 Rge8 40. Ra5 Rb7 41.
Rae5 Rxb3 42. f4 Kg7 43. R1e2 Kf7 44. Kg2 Rb7 45. Kf3 a6 46. Ra2 Ra7 47. Rea5
Raxe7 48. Rxa6 Re3+ 49. Kf2 Rb3 50. R6a3 Rb6 51. Ra7+ Kg8 52. Ra8 Rxa8 53. Rxa8+
Kg7 54. Ra2 h5 55. Kf3 Rb3+ 56. Ke4 Kf6 57. Ra5 h4 58. Ra6+ Kg7 59. g4 Rb2 60.
h3 Rb3 61. Kf5 Rxh3 62. Ra7+ Kf8 63. Rh7 Rh1 64. g5 h3 65. Kf6 Kg8 66. g6 h2 67.
Ra7 Ra1 68. Rxa1 1-0

[Event "European Blitz 2015"]
[Site "Minsk BLR"]
[Date "2015.12.18"]
[Round "19.15"]
[White "Khoroshilov, Nikita"]
[Black "Demidov, Mikhail"]
[Result "0-1"]
[BlackTitle "IM"]
[WhiteElo "2294"]
[BlackElo "2485"]
[WhiteFideId "24145122"]
[BlackFideId "4197143"]
[EventDate "2015.12.18"]
[EventType "swiss (blitz)"]

1. Nf3 d5 2. d3 c6 3. g3 Bg4 4. Bg2 Nd7 5. Nbd2 e5 6. e4 Ngf6 7. O-O Bd6 8. Re1
O-O 9. c3 Re8 10. Qc2 a5 11. a4 Qb6 12. h3 Bh5 13. Nf1 Nc5 14. Nh4 Qb3 15. Qd2
dxe4 16. dxe4 Rad8 17. Nf5 Bf8 18. Qg5 Bg6 19. Nd2 Qc2 20. Ne3 Qd3 21. f3 h6 22.
Qh4 Be7 23. Bf1 Qd7 24. Ng4 Nfxe4 25. Nxe5 0-1

[Event "European Blitz 2015"]
[Site "Minsk BLR"]
[Date "2015.12.18"]
[Round "19.16"]
[White "Rakhmanov, Aleksandr"]
[Black "Pershin, Denis"]
[Result "1-0"]
[WhiteTitle "GM"]
[WhiteElo "2640"]
[BlackElo "2375"]
[WhiteFideId "4173708"]
[BlackFideId "24165506"]
[EventDate "2015.12.18"]
[EventType "swiss (blitz)"]

1. c4 Nf6 2. Nc3 e6 3. e4 e5 4. Nf3 Nc6 5. d4 exd4 6. Nxd4 Bb4 7. Nxc6 bxc6 8.
Bd3 O-O 9. O-O d6 10. Bg5 Bc5 11. Bc2 Be6 12. b3 h6 13. Bh4 g5 14. Bg3 Ng4 15.
Na4 Bb6 16. Qd3 Qf6 17. e5 Qg7 18. c5 Bxc5 19. Nxc5 dxc5 20. h3 Rfd8 21. Qe2 h5
22. hxg4 Bxg4 23. f3 Be6 24. Rfd1 h4 25. Bf2 Rd5 26. Rxd5 Bxd5 27. Bxc5 Re8 28.
Re1 Qh6 29. Bf5 Be6 30. Bxe6 Rxe6 31. Kh2 Kh8 32. Qe4 h3 33. gxh3 Re8 34. Qf5
Rd8 35. Qf6+ Qxf6 36. exf6 Rd2+ 37. Kg3 Kh7 38. a4 Rb2 39. Re3 Kg6 40. Bxa7 Kf5
41. Bc5 Rc2 42. b4 Ra2 43. a5 Ra1 44. Re7 Kg6 45. Rxc7 1-0

[Event "European Blitz 2015"]
[Site "Minsk BLR"]
[Date "2015.12.18"]
[Round "19.17"]
[White "Chigaev, Maksim"]
[Black "Gritsenko, Nikolai"]
[Result "1/2-1/2"]
[WhiteTitle "IM"]
[BlackTitle "FM"]
[WhiteElo "2526"]
[BlackElo "2309"]
[WhiteFideId "4108116"]
[BlackFideId "14112493"]
[EventDate "2015.12.18"]
[EventType "swiss (blitz)"]

1. e4 e5 2. Nf3 d6 3. d4 exd4 4. Qxd4 Nc6 5. Bb5 Ne7 6. Bg5 h6 7. Bxe7 Bxe7 8.
Nc3 O-O 9. Qe3 Bf6 10. O-O Re8 11. Rab1 Bf5 12. Qf4 Bg6 13. Rfe1 a6 14. Ba4 b5
15. Bb3 Ne5 16. Nd5 Bg5 17. Nxg5 hxg5 18. Qg3 c6 19. Nc3 Qf6 20. a3 Re7 21. Rbd1
Rae8 22. f3 Rd8 23. Qf2 Rb7 24. Rd2 Nc4 25. Bxc4 bxc4 26. Nd1 d5 27. exd5 cxd5
28. Qc5 Rbd7 29. c3 Kh7 30. Ne3 Bd3 31. Ng4 Qf4 32. Qe3 Re8 33. Qxe8 Qxd2 34.
Qe3 Qxe3+ 35. Nxe3 Rb7 36. Nxd5 Rxb2 37. h3 Ra2 38. Re7 Kg6 39. Rb7 Rxa3 40.
Rb6+ Kh7 41. Rb7 Kg6 42. Ne7+ Kh7 43. Nd5 Kg6 44. Rb6+ Kh7 45. Rb7 Kg6 46. Ra7
a5 47. Kf2 Ra2+ 48. Kg3 Bf1 49. Ne3 Bd3 50. Nd5 f6 51. f4 Be4 52. Ne3 gxf4+ 53.
Kxf4 Bd3 54. g4 a4 55. h4 a3 56. h5+ Kh7 57. Ra4 Rf2+ 58. Kg3 Re2 59. Nxc4 Bxc4
60. Rxc4 a2 61. Ra4 Re3+ 62. Kf4 Rxc3 63. Rxa2 Rc4+ 1/2-1/2

[Event "European Blitz 2015"]
[Site "Minsk BLR"]
[Date "2015.12.18"]
[Round "19.19"]
[White "Kochetkov, German"]
[Black "Popov, Valerij"]
[Result "1/2-1/2"]
[WhiteTitle "IM"]
[BlackTitle "GM"]
[WhiteElo "2338"]
[BlackElo "2528"]
[WhiteFideId "13500635"]
[BlackFideId "4119410"]
[EventDate "2015.12.18"]
[EventType "swiss (blitz)"]

1. f4 c5 2. Nf3 Nc6 3. g3 d6 4. Bg2 e5 5. d3 exf4 6. gxf4 g6 7. O-O Bg7 8. e4
Nge7 9. Nc3 O-O 10. f5 gxf5 11. Nh4 fxe4 12. dxe4 f5 13. Bg5 fxe4 14. Nxe4 Rxf1+
15. Qxf1 Be6 16. Rd1 d5 17. Nf6+ Kh8 18. Nxd5 Bxd5 19. Rxd5 Qe8 20. Rxc5 Bd4+
21. Kh1 Qf8 22. Rb5 Qxf1+ 23. Bxf1 Rg8 24. Nf3 Bb6 25. Bf6+ Rg7 1/2-1/2

[Event "European Blitz 2015"]
[Site "Minsk BLR"]
[Date "2015.12.18"]
[Round "19.20"]
[White "Makovskis, Georgijs"]
[Black "Romanov, Evgeny"]
[Result "1-0"]
[BlackTitle "GM"]
[WhiteElo "2236"]
[BlackElo "2590"]
[WhiteFideId "11601132"]
[BlackFideId "4148843"]
[EventDate "2015.12.18"]
[EventType "swiss (blitz)"]

1. e4 e5 2. Nf3 Nc6 3. Bc4 Bc5 4. d3 Nf6 5. Nc3 h6 6. Be3 Bb6 7. O-O d6 8. h3
O-O 9. Re1 Na5 10. Bb3 Nxb3 11. axb3 Bxe3 12. Rxe3 c5 13. Ne2 Be6 14. Ng3 Re8
15. c4 b5 16. Nh4 bxc4 17. dxc4 Qb6 18. Nhf5 Rad8 19. Qf3 Kh7 20. Rd1 Ng8 21.
Red3 g6 22. Nxd6 Re7 23. Nb5 Rxd3 24. Rxd3 a6 25. Nc3 Qa5 26. Kh2 Rb7 27. Nd5
Qa2 28. Nf6+ Nxf6 29. Qxf6 Rb8 30. Qxe5 Rc8 31. h4 Qb1 32. Rd6 Qc1 33. Qf6 Qc2
34. h5 g5 35. Rxe6 fxe6 36. Qxe6 Rc7 37. Nf5 Qxb2 38. Qg6+ Kh8 39. Qxh6+ Kg8 40.
Qe6+ Kh7 41. Qg6+ Kh8 42. Qh6+ Kg8 43. Qxg5+ Kh7 44. Qg6+ Kh8 45. f4 Qd2 46.
Qh6+ Kg8 47. Qg5+ Kh8 48. e5 Qd7 49. Qf6+ Kh7 50. e6 Qe8 51. Qh6+ Kg8 52. Qg5+
Kh7 53. e7 1-0

[Event "European Blitz 2015"]
[Site "Minsk BLR"]
[Date "2015.12.18"]
[Round "19.21"]
[White "Polivanov, Anatoliy"]
[Black "Aleksandrov, Aleksej"]
[Result "0-1"]
[WhiteTitle "IM"]
[BlackTitle "GM"]
[WhiteElo "2426"]
[BlackElo "2615"]
[WhiteFideId "14109468"]
[BlackFideId "13500139"]
[EventDate "2015.12.18"]
[EventType "swiss (blitz)"]

1. e4 e5 2. Nf3 Nc6 3. Bc4 Bc5 4. c3 Nf6 5. d3 a6 6. Bb3 d6 7. Qe2 O-O 8. Bg5
Be6 9. Bc2 Ba7 10. Nbd2 b5 11. Nf1 Nb8 12. Ng3 h6 13. Bh4 Bg4 14. Nf5 Nbd7 15.
h3 Bxf5 16. exf5 d5 17. O-O-O Re8 18. g4 Qe7 19. g5 hxg5 20. Bxg5 b4 21. c4 Qc5
22. Be3 Qa5 23. Kb1 e4 24. dxe4 dxe4 25. Nd4 Bxd4 26. Bxd4 Qxf5 27. Rhg1 Ne5 28.
Rg3 Rad8 29. Ba4 Rf8 30. Rdg1 Ng6 31. Qe3 Nd7 32. Rg5 Qf3 33. Qxf3 exf3 34. Bc2
Nf6 35. Bxf6 gxf6 36. R5g3 Rd4 37. Bxg6 fxg6 38. Rxg6+ Kf7 39. Rg7+ Ke6 40. Rxc7
Rd2 41. Rc6+ Kf5 42. Rxa6 Rxf2 43. c5 Re8 44. c6 Ree2 45. c7 Rxb2+ 46. Ka1 Rbc2
47. Ra5+ Kf4 48. Rg4+ Ke3 49. Rxb4 Rf1+ 50. Rb1 Rxb1+ 51. Kxb1 Rxc7 52. Rf5 f2
53. Rxf6 Ke2 54. Re6+ Kf3 55. Rf6+ Kg2 56. Rg6+ Kh2 57. Rf6 Kg2 58. Rg6+ Kf3 59.
Rf6+ Ke3 60. Re6+ Kd2 61. Rf6 Rc1+ 62. Kb2 f1=Q 63. Rxf1 Rxf1 64. a4 Kd3 65. Kb3
Rb1+ 66. Ka3 Rb8 67. a5 Kc4 0-1

[Event "European Blitz 2015"]
[Site "Minsk BLR"]
[Date "2015.12.18"]
[Round "19.22"]
[White "Mikhalevski, Victor"]
[Black "Pustovoitova, Daria"]
[Result "1-0"]
[WhiteTitle "GM"]
[BlackTitle "FM"]
[WhiteElo "2535"]
[BlackElo "2356"]
[WhiteFideId "2801914"]
[BlackFideId "4182146"]
[EventDate "2015.12.18"]
[EventType "swiss (blitz)"]

1. c4 e5 2. g3 Nf6 3. Bg2 d5 4. cxd5 Nxd5 5. Nc3 Nb6 6. d3 Be7 7. Nf3 Nc6 8. O-O
O-O 9. Rb1 Re8 10. a3 a5 11. Be3 Be6 12. Bxb6 cxb6 13. Nd2 Qd7 14. Nc4 Bxc4 15.
dxc4 Rad8 16. Qxd7 Rxd7 17. Nd5 Bd8 18. Rfd1 Kf8 19. e3 f5 20. Bh3 g6 21. g4
fxg4 22. Bxg4 Rd6 23. f3 h5 24. Bh3 Kf7 25. Kf2 Rf8 26. Ke2 Kg7 27. b4 axb4 28.
axb4 Rf7 29. c5 Rdf6 30. Nxf6 Kxf6 31. b5 Na5 32. Rxd8 1-0

[Event "European Blitz 2015"]
[Site "Minsk BLR"]
[Date "2015.12.18"]
[Round "19.23"]
[White "Milov, Vadim"]
[Black "Konenkin, Dmitry"]
[Result "1-0"]
[WhiteTitle "GM"]
[BlackTitle "FM"]
[WhiteElo "2615"]
[BlackElo "2243"]
[WhiteFideId "1304364"]
[BlackFideId "4185781"]
[EventDate "2015.12.18"]
[EventType "swiss (blitz)"]

1. d4 d6 2. e4 Nf6 3. f3 d5 4. e5 Nfd7 5. f4 e6 6. Nd2 c5 7. c3 Nc6 8. Ndf3 Qb6
9. a3 a5 10. Ne2 Be7 11. h4 f6 12. h5 fxe5 13. fxe5 cxd4 14. cxd4 O-O 15. Rh3 a4
16. Nc3 Na5 17. Rb1 Nb3 18. Be3 Qa5 19. Qc2 b6 20. Bd3 h6 21. Bxh6 gxh6 22. Rg3+
Kh8 23. Rg6 Rxf3 24. gxf3 Bg5 25. f4 Bxf4 26. Qf2 Bg5 27. Rxg5 hxg5 28. Qf7 1-0

[Event "European Blitz 2015"]
[Site "Minsk BLR"]
[Date "2015.12.18"]
[Round "19.26"]
[White "Popov, Mikhail"]
[Black "Inarkiev, Ernesto"]
[Result "0-1"]
[WhiteTitle "FM"]
[BlackTitle "GM"]
[WhiteElo "2280"]
[BlackElo "2668"]
[WhiteFideId "4146182"]
[BlackFideId "4162722"]
[EventDate "2015.12.18"]
[EventType "swiss (blitz)"]

1. c4 e5 2. g3 Nf6 3. Bg2 c6 4. d4 d6 5. Nf3 e4 6. Ng5 d5 7. Nc3 Be7 8. O-O O-O
9. Nh3 Na6 10. Nf4 Nc7 11. b3 Re8 12. Bd2 Bf5 13. Rc1 dxc4 14. e3 cxb3 15. Qxb3
Rb8 16. h3 Bd6 17. g4 Bxf4 18. exf4 Be6 19. Qa4 Bd5 20. Qxa7 Re7 21. Qb6 h5 22.
g5 Nd7 23. Qb4 Nf8 24. f5 Qd7 25. Bf4 Na6 26. Qa5 Rbe8 27. Nxd5 cxd5 28. f6 Ng6
29. Bg3 gxf6 30. gxf6 Re6 31. Qd2 Rxf6 32. Qg5 Rf5 33. Qh6 Re6 34. Qe3 h4 35.
Bh2 Ref6 36. Rc3 Nf4 37. Kh1 Nxg2 38. Kxg2 Rf3 39. Qg5+ Rg6 0-1

[Event "European Blitz 2015"]
[Site "Minsk BLR"]
[Date "2015.12.18"]
[Round "19.27"]
[White "Landa, Konstantin"]
[Black "Sychev, Klementy"]
[Result "0-1"]
[WhiteTitle "GM"]
[BlackTitle "IM"]
[WhiteElo "2625"]
[BlackElo "2415"]
[WhiteFideId "4101685"]
[BlackFideId "4114060"]
[EventDate "2015.12.18"]
[EventType "swiss (blitz)"]

1. d4 Nf6 2. Nf3 g6 3. g3 Bg7 4. Bg2 d5 5. O-O O-O 6. Nbd2 c5 7. dxc5 Na6 8. Nb3
Ne4 9. Ng5 Nf6 10. c3 Qc7 11. Be3 h6 12. Nf3 Ng4 13. Qxd5 Nxe3 14. fxe3 Be6 15.
Qe4 Bf5 16. Qc4 Be6 17. Qf4 Qxf4 18. exf4 Bxb3 19. axb3 Nxc5 20. b4 Nd7 21. Rfd1
Rfd8 22. Nd4 Nb6 23. Bxb7 Rab8 24. Bf3 Bxd4+ 25. Rxd4 Rxd4 26. cxd4 Nc4 27. Rxa7
e6 28. Rb7 0-1

[Event "European Blitz 2015"]
[Site "Minsk BLR"]
[Date "2015.12.18"]
[Round "19.28"]
[White "Huzman, Alexander"]
[Black "Pavlov, Sergey2"]
[Result "1-0"]
[WhiteTitle "GM"]
[BlackTitle "IM"]
[WhiteElo "2581"]
[BlackElo "2454"]
[WhiteFideId "2803828"]
[BlackFideId "14114330"]
[EventDate "2015.12.18"]
[EventType "swiss (blitz)"]

1. d4 Nf6 2. Nf3 e6 3. g3 c5 4. Bg2 cxd4 5. Nxd4 d5 6. O-O e5 7. Nb3 Be6 8. Bg5
Nbd7 9. e3 h6 10. Bxf6 Nxf6 11. Qe2 Be7 12. Rd1 Qb6 13. Nc3 Rd8 14. Qb5+ Qc6 15.
Na5 Qxb5 16. Nxb5 O-O 17. c4 dxc4 18. Bxb7 Bc5 19. Nc6 Rxd1+ 20. Rxd1 Bd5 21.
Nc3 Bxc6 22. Bxc6 Rb8 23. Rc1 Rb6 24. Bf3 Rxb2 25. Na4 Rb5 26. Rxc4 Bf8 27. Kg2
Rb4 28. Be2 Rxc4 29. Bxc4 Bb4 30. Nb2 Kf8 31. Nd3 Bd6 32. f4 exf4 33. gxf4 Nd7
34. Kf3 Nc5 35. Nb4 Nd7 36. Nc6 Nb6 37. Ba6 Bc5 38. e4 Nd7 39. e5 Bb6 40. Bc4
Nc5 41. h4 Nb7 42. Bd5 Nd8 43. Nb8 Ke7 44. Ke4 f6 45. Kf5 fxe5 46. fxe5 Bc7 47.
Na6 Bb6 48. Nb4 Bc5 49. Nd3 Bd4 50. Nf4 Nf7 51. Ng6+ Ke8 52. Bc6+ Kd8 53. Ke4
Bc5 54. e6 Nd6+ 55. Kd5 Ba3 56. e7+ Kc7 57. e8=Q Nxe8 58. Bxe8 Bb4 59. Ke6 Bc3
60. Kf7 Kd6 61. Ba4 a5 62. h5 Kd5 63. Nf8 Ke4 64. Ne6 Kf5 65. Nxg7+ Kg5 66. Bd1
Bb2 67. a4 Bc3 68. Ne6+ Kf5 69. Bc2+ Kg4 70. Kg6 Bd2 71. Ng7 1-0

[Event "European Blitz 2015"]
[Site "Minsk BLR"]
[Date "2015.12.18"]
[Round "19.29"]
[White "Dzhumagaliev, Yan"]
[Black "Efanov, Nikolai"]
[Result "0-1"]
[WhiteTitle "FM"]
[BlackTitle "IM"]
[WhiteElo "2400"]
[BlackElo "2399"]
[WhiteFideId "24100110"]
[BlackFideId "4187997"]
[EventDate "2015.12.18"]
[EventType "swiss (blitz)"]

1. d4 d6 2. g3 g6 3. Bg2 Bg7 4. e4 Nf6 5. Ne2 O-O 6. O-O e5 7. Nbc3 Nc6 8. dxe5
dxe5 9. Nd5 Nxd5 10. exd5 Nd4 11. c3 Nxe2+ 12. Qxe2 f5 13. c4 Qf6 14. Rb1 f4 15.
gxf4 exf4 16. Bf3 Bf5 17. Ra1 Rae8 18. Qd1 Bh3 19. Re1 Qg5+ 20. Kh1 Qh4 21. Kg1
Qg5+ 22. Kh1 Qh4 23. Re2 Rxe2 24. Qxe2 Bd4 25. Kg1 Qg5+ 26. Kh1 Qh4 27. Bd2 Qxf2
28. Qxf2 Bxf2 29. b4 g5 30. Be1 Be3 31. Bg2 Bf5 32. c5 g4 33. d6 f3 34. Bf1 cxd6
35. cxd6 Be4 36. h3 f2+ 37. Kh2 Bf4# 0-1

[Event "European Blitz 2015"]
[Site "Minsk BLR"]
[Date "2015.12.18"]
[Round "19.30"]
[White "Balashov, Yuri S"]
[Black "Johannessen, Leif Erlend"]
[Result "0-1"]
[WhiteTitle "GM"]
[BlackTitle "GM"]
[WhiteElo "2408"]
[BlackElo "2487"]
[WhiteFideId "4100263"]
[BlackFideId "1501674"]
[EventDate "2015.12.18"]
[EventType "swiss (blitz)"]

1. d4 e6 2. Nf3 f5 3. Bg5 Nf6 4. Nbd2 Be7 5. c3 O-O 6. Bxf6 Bxf6 7. e4 d5 8.
exf5 exf5 9. Be2 a6 10. O-O Nc6 11. Re1 Qd6 12. Bd3 Bd7 13. Qc2 g6 14. a3 Rae8
15. b4 Bg7 16. Nb3 Bc8 17. Nc5 Nb8 18. Bf1 b6 19. Nd3 Nd7 20. c4 c5 21. bxc5
bxc5 22. cxd5 cxd4 23. Rxe8 Rxe8 24. Rc1 Nb6 25. Qc6 Rd8 26. Nb4 a5 27. Qxd6
Rxd6 28. Nc6 Bd7 29. Ncxd4 Rxd5 30. Nc6 Bf8 31. Nce5 Be8 32. Rb1 Rd6 33. h4 Kg7
34. Nc4 Nxc4 35. Bxc4 Bc6 36. Ne5 Be8 37. Rb7+ Kh6 38. Nf7+ Bxf7 39. Rxf7 Rd1+
40. Kh2 Bxa3 41. f4 Rd4 42. Rc7 Bd6 43. Rc6 Rxf4 44. g3 Rxh4+ 45. Kg2 Rd4 46.
Kf3 Kg5 47. Bg8 h5 48. Ra6 a4 49. Bf7 a3 50. Ke3 Re4+ 51. Kf3 Kf6 52. Bxg6 Kxg6
53. Rxd6+ Kg5 54. Ra6 h4 55. gxh4+ Rxh4 56. Kg3 f4+ 57. Kg2 Rg4+ 58. Kf2 Rg3 59.
Ra8 Rb3 60. Kg2 Kg4 61. Rg8+ Kf5 62. Ra8 Ke4 63. Kf2 Rb2+ 0-1

[Event "European Blitz 2015"]
[Site "Minsk BLR"]
[Date "2015.12.18"]
[Round "19.31"]
[White "Skliarov, Viktor"]
[Black "Vovk, Orest"]
[Result "1/2-1/2"]
[WhiteTitle "FM"]
[WhiteElo "2420"]
[BlackElo "2279"]
[WhiteFideId "14106736"]
[BlackFideId "14113490"]
[EventDate "2015.12.18"]
[EventType "swiss (blitz)"]

1. e4 Nc6 2. Nc3 Nf6 3. d4 d5 4. e5 Ne4 5. Nge2 Nxc3 6. Nxc3 Bf5 7. Bb5 e6 8.
Bxc6+ bxc6 9. Be3 Rb8 10. Na4 Qh4 11. O-O Be7 12. c3 O-O 13. Qd2 Qe4 14. Rac1
Qd3 15. Rfd1 Qxd2 16. Rxd2 h6 17. f3 Rb5 18. b3 Ba3 19. Rf1 a5 20. Kf2 Bg6 21.
g4 Rbb8 22. Kg3 Be7 23. h4 Bh7 24. h5 f6 25. exf6 Rxf6 1/2-1/2